[Event "FIDE Open World Blitz 2021"]
[Site "Warsaw"]
[Date "2021.12.30"]
[Round "21.51"]
[White "Bellahcene, Bilel"]
[Black "Howell, David W L"]
[Result "1/2-1/2"]
[WhiteElo "2528"]
[BlackElo "2648"]
[Annotator "ChessBase"]
[PlyCount "84"]
[EventDate "2021.12.29"]
[EventType "swiss"]
[EventCountry "POL"]
[Tiebreak "Cut1 Buchholz"]
[SourceTitle "playchess.com"]
[Source "ChessBase"]
[SourceQuality "1"]

1. e4 e5 2. Nc3 Nf6 3. d4 exd4 4. Qxd4 Nc6 5. Qd3 Bb4 6. Bd2 O-O 7. O-O-O d6 8.
f3 Be6 9. Kb1 Re8 10. g4 d5 11. g5 dxe4 12. fxe4 Ng4 13. Nh3 Qxd3 14. cxd3 Rad8
15. Be2 Nd4 16. Bf1 c6 17. Bf4 Bc8 18. Rg1 Bd6 19. Rg3 Nf2 20. Rd2 Ng4 21. Bxd6
Rxd6 22. Nf4 Ne5 23. h4 Nef3 24. Rf2 Nxh4 25. Nh5 Ng6 26. Bh3 Ne5 27. Bxc8 Rxc8
28. Nf4 Rcd8 29. Rh2 Ne6 30. Nxe6 Rxe6 31. Kc2 Red6 32. Rhh3 Rg6 33. Ne2 c5 34.
Nf4 Rgd6 35. Nd5 Nc6 36. Rh1 Nd4+ 37. Kd2 Rxd5 38. exd5 Rxd5 39. Re1 Ne6 40.
Reg1 g6 41. Kc3 Kg7 42. Rg4 b5 1/2-1/2

[Event "FIDE Open World Blitz 2021"]
[Site "Warsaw"]
[Date "2021.12.30"]
[Round "21.52"]
[White "Bartel, Mateusz"]
[Black "Klekowski, Maciej"]
[Result "1-0"]
[WhiteElo "2619"]
[BlackElo "2499"]
[Annotator "ChessBase"]
[PlyCount "62"]
[EventDate "2021.12.29"]
[EventType "swiss"]
[EventCountry "POL"]
[Tiebreak "Cut1 Buchholz"]
[SourceTitle "playchess.com"]
[Source "ChessBase"]
[SourceQuality "1"]

1. Nf3 Nf6 2. b3 c5 3. Bb2 Nc6 4. e3 g6 5. Bb5 Bg7 6. O-O O-O 7. Re1 Qb6 8. Bf1
d5 9. h3 Re8 10. d4 cxd4 11. exd4 Bf5 12. c3 h5 13. Na3 Ne4 14. Nc2 Rac8 15.
Ne3 Be6 16. Nd2 f5 17. Nxe4 fxe4 18. f3 exf3 19. Qxf3 Rcd8 20. Bd3 Bf7 21. Rf1
Rf8 22. Qg3 Rd6 23. Rf2 e5 24. Raf1 h4 25. Qxh4 exd4 26. cxd4 Nxd4 27. Kh1 Qd8
28. Qg4 Qb6 29. Qg3 Qd8 30. Ng4 Rc6 31. Ne5 Nf5 1-0